000 00604nam a2200181 i 4500
001 183465
003 ES-MaACL
005 20230906221911.0
008 140626q19001925sp |||| | spa d
100 1 _aCollins, Wilkie.
_939744
245 1 3 _aEl diamante de la luna /
_cnovela escrita por Wilkie Collins (adaptada del inglés).
260 _aMadrid :
_b[s.n.,
_c19-?]
300 _a39 p. ;
_c26 cm.
490 1 _aBiblioteca de Alrededor del Mundo
830 0 _aBiblioteca de Alrededor del Mundo
_9187712
852 _aES-MaACL
_jG-6062(3)
_z.- Encuadernado con otras obras
999 _c183465
_d183465